Well-being and equity: analytic challenges and social indicators /
Guardado en:
| Autor principal: | |
|---|---|
| Formato: | Texto |
| Materias: | |
| Etiquetas: |
Agregar Etiqueta
Sin Etiquetas, Sea el primero en etiquetar este registro!
|
MARC
| LEADER | 00000 a a2200000 04500 | ||
|---|---|---|---|
| 001 | 17458 | ||
| 003 | |||
| 040 | |||
| 100 | |a Gerstenfeld, Pascual | ||
| 245 | |a Well-being and equity: |b analytic challenges and social indicators / |c Pascual Gerstenfeld | ||
| 650 | |a INDICADORES SOCIALES | ||
| 650 | |a CAMBIO SOCIAL | ||
| 650 | |a TEORIA | ||
| 650 | |a SOCIEDAD | ||
| 650 | |a METODOLOGIA | ||
| 650 | |a INDICADORES SOCIALES | ||
| 773 | |g número 23; páginas 25-49 | ||
| 999 | |c 24906 |d 24906 | ||
